| 000 | 01142nam a2200313 4500 | ||
|---|---|---|---|
| 001 | 0000012617 | ||
| 003 | CO-CtgCURN | ||
| 005 | 20250331185212.0 | ||
| 007 | ta | ||
| 008 | 160627s1996 000 0 eng d | ||
| 020 | _a9500614952 | ||
| 040 |
_aCO-CtgCURN _bspa _ccoctgcurn |
||
| 082 | 0 |
_a616.079 _bM17i |
|
| 100 | 1 | _aMargni, Ricardo Anibal. | |
| 245 | 1 | 0 |
_aInmunología e inmunoquímica / _cRicardo Anibal Margni. |
| 250 | _a5a ed. | ||
| 260 |
_aBuenos Aires : _bMedica Panamericana, _c1996. |
||
| 300 | _a976 p. | ||
| 336 | _2rdacontent | ||
| 337 |
_2rdamedia _asin mediacion _bn |
||
| 338 |
_2rdacarrier _avolumen _bnc |
||
| 500 | _aIncluye indice analitico. | ||
| 505 | 8 | _aInmunopatología.--Metodos inmunoquimicos.--Inmunodeficiencias.--Autoinmunidad.--Citoquinas.--Antigenos.--Anticuerpos.--Inmunidad.--Gammopatias monoclonales.--Elisa.--Inmunología tumoral.--Hibridomas | |
| 650 | 1 | 4 |
_aAnticuerpos _vInmunología. |
| 908 | _a160627 | ||
| 942 |
_cBK _h616.079 _iM17i _2ddc |
||
| 999 |
_c22756 _d22756 |
||